[Event "23rd Alekhine Master 2019"]
[Site "Voronezh"]
[Date "2019.06.13"]
[Round "2.5"]
[White "Nesterov, Arseniy"]
[Black "Volkov, Sergey"]
[Result "1-0"]
[WhiteElo "2423"]
[BlackElo "2567"]
[Annotator "ChessBase"]
[PlyCount "139"]
[EventDate "2019.06.12"]
[EventType "swiss"]
[EventCountry "RUS"]
[SourceTitle "playchess.com"]
[Source "ChessBase"]
[SourceQuality "1"]
[TimeControl "40/5400+30:1800+30"]

1. d4 {[%emt 0:00:14]} d5 {[%emt 0:00:00]} 2. c4 {[%emt 0:00:05]} c6 {[%emt 0:00:00]} 3. Nc3 {[%emt 0:00:06]} Nf6 {[%emt 0:00:15]} 4. e3 {[%emt 0:00:07]} a6 {[%emt 0:00:43]} 5. Nf3 {[%emt 0:00:14]} b5 {[%emt 0:00:32]} 6. b3 {[%emt 0:00:10]} Bf5 {[%emt 0:00:17]} 7. Bd3 {[%emt 0:03:19]} Bxd3 {[%emt 0:00:09]} 8. Qxd3 {[%emt 0:00:04]} e6 {[%emt 0:00:05]} 9. O-O {[%emt 0:00:16]} Nbd7 {[%emt 0:00:12]} 10. Re1 {[%emt 0:07:37]} Be7 {[%emt 0:04:12]} 11. a4 {[%emt 0:02:12]} b4 {[%emt 0:01:23]} 12. Ne2 {[%emt 0:00:11]} O-O {[%emt 0:01:50]} 13. Ng3 {[%emt 0:06:51]} Bd6 {[%emt 0:04:23]} 14. a5 {[%emt 0:06:36]} e5 {[%emt 0:04:13]} 15. cxd5 {[%emt 0:05:20]} cxd5 {[%emt 0:00:44]} 16. e4 {[%emt 0:03:00]} Re8 {[%emt 0:04:23]} 17. exd5 {[%emt 0:08:40]} exd4 {[%emt 0:00:33]} 18. Rxe8+ {[%emt 0:01:30]} Qxe8 {[%emt 0:00:11]} 19. Bb2 {[%emt 0:05:27]} Bxg3 {[%emt 0:11:42]} 20. hxg3 {[%emt 0:00:37]} Nxd5 {[%emt 0:00:10]} 21. Re1 {[%emt 0:14:14]} Qf8 {[%emt 0:01:54]} 22. Qxd4 {[%emt 0:01:01]} N7f6 {[%emt 0:00:57]} 23. Ne5 {[%emt 0:07:14]} Re8 {[%emt 0:01:52]} 24. Rc1 {[%emt 0:03:10]} h5 {[%emt 0:00:45]} 25. Qd3 {[%emt 0:09:29]} Re6 {[%emt 0:06:34]} 26. Rc6 {[%emt 0:02:35]} Rxc6 {[%emt 0:06:10]} 27. Nxc6 {[%emt 0:00:01]} Qe8 {[%emt 0:00:10]} 28. Qxa6 {[%emt 0:04:12]} Ng4 {[%emt 0:02:46]} 29. Nd4 {[%emt 0:03:17]} Nc3 {[%emt 0:00:53]} 30. Bxc3 {[%emt 0:01:40]} bxc3 {[%emt 0:00:03]} 31. Qe2 {[%emt 0:01:58]} Qd8 {[%emt 0:02:05]} 32. Qc4 {[%emt 0:02:22]} Qxa5 {[%emt 0:02:22]} 33. f3 {[%emt 0:01:41]} Qa1+ {[%emt 0:00:32]} 34. Qf1 {[%emt 0:00:01]} Qa7 {[%emt 0:00:13]} 35. Qc4 {[%emt 0:00:46]} c2 {[%emt 0:12:55]} 36. Qc8+ {[%emt 0:00:03]} Kh7 {[%emt 0:00:22]} 37. Qxc2+ {[%emt 0:00:06]} g6 {[%emt 0:00:05]} 38. Qc3 {[%emt 0:01:32]} Ne5 {[%emt 0:00:39]} 39. Kh1 {[%emt 0:00:36]} Qa2 {[%emt 0:00:40]} 40. b4 {[%emt 0:00:00]} Qf2 {[%emt 0:00:00]} 41. Kh2 {[%emt 0:03:19]} h4 {[%emt 0:01:02]} 42. gxh4 {[%emt 0:00:06]} Qxh4+ {[%emt 0:00:05]} 43. Kg1 {[%emt 0:00:01]} Qd8 {[%emt 0:00:50]} 44. b5 {[%emt 0:02:11]} Qd6 {[%emt 0:00:38]} 45. Nc6 {[%emt 0:02:06]} Nd7 {[%emt 0:01:35]} 46. Qd4 {[%emt 0:02:15]} Qxd4+ {[%emt 0:00:53]} 47. Nxd4 {[%emt 0:00:02]} Kg7 {[%emt 0:00:05]} 48. Kf2 {[%emt 0:00:42]} Kf6 {[%emt 0:00:01]} 49. Ke3 {[%emt 0:00:15]} Ke5 {[%emt 0:00:03]} 50. Nc6+ {[%emt 0:00:17]} Kd5 {[%emt 0:00:25]} 51. Kf4 {[%emt 0:01:07]} Kc5 {[%emt 0:00:07]} 52. Ne5 {[%emt 0:00:29]} Nf8 {[%emt 0:01:00]} 53. Nxf7 {[%emt 0:00:05]} Kxb5 {[%emt 0:00:02]} 54. Kg5 {[%emt 0:02:32]} Kc5 {[%emt 0:01:29]} 55. Ne5 {[%emt 0:00:14]} Ne6+ {[%emt 0:00:54]} 56. Kf6 {[%emt 0:00:10]} Nf4 {[%emt 0:00:17]} 57. g4 {[%emt 0:00:27]} Nd5+ {[%emt 0:00:15]} 58. Kg5 {[%emt 0:00:21]} Kd4 {[%emt 0:00:23]} 59. Nxg6 {[%emt 0:00:06]} Ke3 {[%emt 0:00:06]} 60. f4 {[%emt 0:00:31]} Nc3 {[%emt 0:00:44]} 61. Kf5 {[%emt 0:01:31]} Ne2 {[%emt 0:00:33]} 62. g5 {[%emt 0:00:51]} Nd4+ {[%emt 0:00:42]} 63. Kg4 {[%emt 0:00:27]} Ke4 {[%emt 0:00:22]} 64. Ne7 {[%emt 0:00:12]} Ne6 {[%emt 0:01:51]} 65. f5 {[%emt 0:00:36]} Ng7 {[%emt 0:01:10]} 66. f6 {[%emt 0:00:06]} Ne6 {[%emt 0:00:09]} 67. g6 {[%emt 0:00:13]} Nf8 {[%emt 0:00:26]} 68. g7 {[%emt 0:00:44]} Nh7 {[%emt 0:00:05]} 69. f7 {[%emt 0:00:03]} Nf6+ {[%emt 0:00:03]} 70. Kh4 {[%emt 0:00:05]} 1-0

[Event "23rd Alekhine Master 2019"]
[Site "Voronezh"]
[Date "2019.06.13"]
[Round "2.6"]
[White "Goganov, Aleksey"]
[Black "Grinev, Valeriy"]
[Result "1/2-1/2"]
[WhiteElo "2559"]
[BlackElo "2422"]
[Annotator "ChessBase"]
[PlyCount "81"]
[EventDate "2019.06.12"]
[EventType "swiss"]
[EventCountry "RUS"]
[SourceTitle "playchess.com"]
[Source "ChessBase"]
[SourceQuality "1"]
[TimeControl "40/5400+30:1800+30"]

1. d4 {[%emt 0:00:00]} d5 {[%emt 0:00:00]} 2. c4 {[%emt 0:00:00]} e6 {[%emt 0:00:00]} 3. Nc3 {[%emt 0:00:00]} Be7 {[%emt 0:00:02]} 4. Nf3 {[%emt 0:00:32]} Nf6 {[%emt 0:00:17]} 5. g3 {[%emt 0:00:18]} O-O {[%emt 0:00:58]} 6. Bg2 {[%emt 0:00:19]} dxc4 {[%emt 0:00:09]} 7. Ne5 {[%emt 0:00:04]} c5 {[%emt 0:00:14]} 8. dxc5 {[%emt 0:00:57]} Qxd1+ {[%emt 0:00:09]} 9. Nxd1 {[%emt 0:00:05]} Bxc5 {[%emt 0:00:20]} 10. Nxc4 {[%emt 0:02:16]} Nc6 {[%emt 0:02:54]} 11. O-O {[%emt 0:04:18]} Nd4 {[%emt 0:24:47]} 12. e3 {[%emt 0:07:27]} Ne2+ {[%emt 0:00:19]} 13. Kh1 {[%emt 0:00:05]} Nxc1 {[%emt 0:00:54]} 14. Rxc1 {[%emt 0:00:04]} Rb8 {[%emt 0:00:50]} 15. Nc3 {[%emt 0:01:06]} Bd7 {[%emt 0:10:06]} 16. Rfd1 {[%emt 0:02:42]} Rfc8 {[%emt 0:01:36]} 17. Ne4 {[%emt 0:13:01]} Nxe4 {[%emt 0:03:23]} 18. Bxe4 {[%emt 0:00:06]} Ba4 {[%emt 0:01:06]} 19. b3 {[%emt 0:00:40]} Be8 {[%emt 0:00:41]} 20. Ne5 {[%emt 0:06:23]} b6 {[%emt 0:03:55]} 21. Nd7 {[%emt 0:02:25]} Ba3 {[%emt 0:00:42]} 22. Rb1 {[%emt 0:01:16]} Bxd7 {[%emt 0:00:07]} 23. Rxd7 {[%emt 0:00:04]} a5 {[%emt 0:00:20]} 24. Rbd1 {[%emt 0:01:05]} Rc1 {[%emt 0:00:11]} 25. Rxc1 {[%emt 0:00:49]} Bxc1 {[%emt 0:00:09]} 26. Kg2 {[%emt 0:00:56]} h5 {[%emt 0:01:44]} 27. Kf3 {[%emt 0:01:38]} Bb2 {[%emt 0:00:55]} 28. Ke2 {[%emt 0:00:28]} Bf6 {[%emt 0:00:19]} 29. f4 {[%emt 0:00:41]} g6 {[%emt 0:00:09]} 30. Bd3 {[%emt 0:01:38]} Kf8 {[%emt 0:01:18]} 31. a4 {[%emt 0:02:02]} Be7 {[%emt 0:00:22]} 32. h3 {[%emt 0:02:32]} Rd8 {[%emt 0:00:09]} 33. Rb7 {[%emt 0:00:06]} Bc5 {[%emt 0:00:14]} 34. Bb5 {[%emt 0:01:12]} Kg7 {[%emt 0:01:04]} 35. g4 {[%emt 0:00:17]} hxg4 {[%emt 0:00:06]} 36. hxg4 {[%emt 0:00:05]} Rh8 {[%emt 0:01:41]} 37. g5 {[%emt 0:02:57]} Kf8 {[%emt 0:01:35]} 38. Rb8+ {[%emt 0:00:05]} Kg7 {[%emt 0:00:05]} 39. Rxh8 {[%emt 0:00:03]} Kxh8 {[%emt 0:00:06]} 40. Kf3 {[%emt 0:00:00]} Kg7 {[%emt 0:00:00]} 41. Ke4 1/2-1/2

[Event "23rd Alekhine Master 2019"]
[Site "Voronezh"]
[Date "2019.06.13"]
[Round "2.7"]
[White "Rodin, Dmitrij"]
[Black "Fedorov, Alexei"]
[Result "1-0"]
[WhiteElo "2403"]
[BlackElo "2553"]
[Annotator "ChessBase"]
[PlyCount "63"]
[EventDate "2019.06.12"]
[EventType "swiss"]
[EventCountry "RUS"]
[SourceTitle "playchess.com"]
[Source "ChessBase"]
[SourceQuality "1"]
[TimeControl "40/5400+30:1800+30"]

1. e4 {[%emt 0:01:32]} c5 {[%emt 0:00:00]} 2. Nf3 {[%emt 0:00:04]} e6 {[%emt 0:00:00]} 3. d4 {[%emt 0:00:04]} cxd4 {[%emt 0:00:00]} 4. Nxd4 {[%emt 0:00:05]} a6 {[%emt 0:00:00]} 5. Nc3 {[%emt 0:01:59]} d6 {[%emt 0:00:32]} 6. Be3 {[%emt 0:01:01]} Ne7 {[%emt 0:00:47]} 7. Be2 {[%emt 0:06:07]} Nec6 {[%emt 0:00:34]} 8. O-O {[%emt 0:00:28]} Be7 {[%emt 0:03:46]} 9. Na4 {[%emt 0:08:20]} Nd7 {[%emt 0:10:15]} 10. c4 {[%emt 0:01:55]} Nxd4 {[%emt 0:01:46]} 11. Qxd4 {[%emt 0:00:45]} O-O {[%emt 0:00:28]} 12. Rfd1 {[%emt 0:02:13]} b6 {[%emt 0:05:10]} 13. Rac1 {[%emt 0:06:22]} Rb8 {[%emt 0:11:33]} 14. b4 {[%emt 0:04:48]} Bb7 {[%emt 0:01:03]} 15. f4 {[%emt 0:08:07]} Bc6 {[%emt 0:09:06]} 16. Nc3 {[%emt 0:10:54]} b5 {[%emt 0:02:29]} 17. cxb5 {[%emt 0:09:24]} axb5 {[%emt 0:01:18]} 18. a4 {[%emt 0:06:49]} bxa4 {[%emt 0:04:42]} 19. b5 {[%emt 0:00:18]} Bb7 {[%emt 0:00:30]} 20. e5 {[%emt 0:12:35]} d5 {[%emt 0:09:20]} 21. Nxa4 {[%emt 0:00:26]} Ra8 {[%emt 0:03:32]} 22. Nb6 {[%emt 0:11:29]} Ra2 {[%emt 0:05:46]} 23. Bf1 {[%emt 0:00:15]} f6 {[%emt 0:05:23]} 24. Nxd7 {[%emt 0:01:38]} Qxd7 {[%emt 0:00:06]} 25. Qc4 {[%emt 0:01:41]} Ra3 {[%emt 0:03:10]} 26. Qc7 {[%emt 0:00:36]} Rd8 {[%emt 0:02:09]} 27. Bd4 {[%emt 0:00:22]} fxe5 {[%emt 0:07:34]} 28. Bxe5 {[%emt 0:00:23]} Bf6 {[%emt 0:00:49]} 29. Qb6 {[%emt 0:01:27]} Rc8 {[%emt 0:03:41]} 30. Rxc8+ {[%emt 0:00:25]} Bxc8 {[%emt 0:01:11]} 31. Rc1 {[%emt 0:00:09]} Bd8 {[%emt 0:01:01]} 32. Qb8 {[%emt 0:00:15]} 1-0

[Event "23rd Alekhine Master 2019"]
[Site "Voronezh"]
[Date "2019.06.13"]
[Round "2.8"]
[White "Puranik, Abhimanyu"]
[Black "Polschikov, Alexey"]
[Result "1-0"]
[WhiteElo "2548"]
[BlackElo "2382"]
[Annotator "TA"]
[PlyCount "103"]
[EventDate "2019.06.12"]
[EventType "swiss"]
[EventCountry "RUS"]
[SourceTitle "playchess.com"]
[Source "ChessBase"]
[SourceQuality "1"]

{[%evp 16,103,18,17,17,25,25,21,13,13,26,31,21,24,20,6,33,13,11,7,6,0,0,0,62,70,47,47,47,65,52,28,28,28,28,37,25,40,41,23,40,12,29,0,0,0,13,0,3,0,0,0,60,9,65,71,66,76,96,91,106,86,104,100,121,105,151,160,260,252,260,261,259,259,259,259,259,259,254,253,267,267,263,260,263,252,231,212,701,683]} 1. e4 e5 2. Nf3 Nf6 3. Nxe5 d6 4. Nf3 Nxe4 5. Nc3 Nxc3 6. dxc3 Be7 7. Bf4 Nc6 8. Qd2 Be6 9. O-O-O Qd7 {C42: Petroff Defence: 3 Nxe5 and unusual White 3rd moves} ({Avoid the trap} 9... Bxa2 $2 10. b3 $18) 10. Kb1 a6 11. Nd4 Nxd4 {The position is equal.} 12. cxd4 c6 $146 ({Predecessor:} 12... d5 13. Bd3 Bd6 14. Rhe1 O-O-O 15. Bg3 Bxg3 16. hxg3 Bf5 17. Bxf5 Qxf5 {1-0 (48) Almasi,Z (2646)-Motylev,A (2638) Wijk aan Zee 2006}) 13. h4 h5 14. Bd3 O-O-O 15. Rde1 {[%cal Bd1e1,Be1e3,Be3f3,Bf3f7][%mdl 32]} Rde8 16. Bg3 Bf5 17. d5 c5 18. Bxf5 Qxf5 19. Re3 Bf6 (19... Qd7 $1 $11) 20. Bxd6 $14 Rd8 21. Rf3 Qe4 22. Bxc5 {d6 is the strong threat.} ({Don't go for} 22. Qa5 $2 Rxd6 23. Qxc5+ Kd7 $19) 22... Rxd5 23. Qb4 Rhd8 {( -> ...Rd1+)} 24. Rc1 Qxb4 25. Bxb4 Bxh4 26. Rxf7 Bg5 27. f4 Bf6 28. a3 R8d7 29. Rxd7 (29. Rf8+ {is more complex.} Kc7 30. g3 b6 31. Re8 a5 32. Be1) 29... Kxd7 $11 {[%mdl 4096] Endgame KRB-KRB} 30. Re1 h4 31. Re2 Rd1+ 32. Ka2 Rd4 33. Bd2 g6 (33... Rd6 $11) 34. Kb3 ({White should play} 34. b4 $1 $14) 34... b5 (34... Rd6 $1 $11) 35. c3 $14 Rc4 36. Kc2 a5 37. Kd3 Rc5 38. Be3 Rf5 39. Ke4 Ke6 40. Rd2 Be7 41. Kf3 g5 {[#]} (41... Rd5 $16) 42. Re2 $1 $18 {Black must now prevent Kg4.} Kf7 43. Kg4 Rd5 44. fxg5 Re5 45. Rf2+ Kg6 {[#]} 46. Bf4 $1 {[%cal Rf4e5]} Re4 47. Kxh4 b4 48. axb4 axb4 49. Kg3 bxc3 50. bxc3 Rc4 51. Bd2 Kh5 $2 (51... Bxg5 52. Bxg5 Kxg5) 52. Re2 {Accuracy: White = 69%, Black = 55%.} 1-0

[Event "23rd Alekhine Master 2019"]
[Site "Voronezh"]
[Date "2019.06.13"]
[Round "2.9"]
[White "Nozdrachev, Leonid"]
[Black "Svetushkin, Dmitry"]
[Result "0-1"]
[WhiteElo "2395"]
[BlackElo "2532"]
[Annotator "ChessBase"]
[PlyCount "96"]
[EventDate "2019.06.12"]
[EventType "swiss"]
[EventCountry "RUS"]
[SourceTitle "playchess.com"]
[Source "ChessBase"]
[SourceQuality "1"]
[TimeControl "40/5400+30:1800+30"]

1. e4 {[%emt 0:00:00]} e5 {[%emt 0:00:00]} 2. Nf3 {[%emt 0:00:00]} Nc6 {[%emt 0:00:00]} 3. Bc4 {[%emt 0:00:00]} Bc5 {[%emt 0:00:00]} 4. d3 {[%emt 0:00:54]} Nf6 {[%emt 0:00:17]} 5. O-O {[%emt 0:00:27]} d6 {[%emt 0:01:23]} 6. c3 {[%emt 0:00:07]} a6 {[%emt 0:01:41]} 7. Bb3 {[%emt 0:00:33]} h6 {[%emt 0:02:10]} 8. d4 {[%emt 0:02:06]} Ba7 {[%emt 0:00:32]} 9. dxe5 {[%emt 0:00:20]} Nxe5 {[%emt 0:00:23]} 10. Nxe5 {[%emt 0:00:38]} dxe5 {[%emt 0:00:06]} 11. Qxd8+ {[%emt 0:00:32]} Kxd8 {[%emt 0:00:06]} 12. Nd2 {[%emt 0:01:55]} Ke7 {[%emt 0:00:09]} 13. Nc4 {[%emt 0:03:41]} Be6 {[%emt 0:04:38]} 14. Re1 {[%emt 0:11:42]} Bxc4 {[%emt 0:18:17]} 15. Bxc4 {[%emt 0:00:53]} Ng4 {[%emt 0:01:22]} 16. Rf1 {[%emt 0:02:43]} Rad8 {[%emt 0:02:07]} 17. Be2 {[%emt 0:06:08]} Nf6 {[%emt 0:04:37]} 18. Bf3 {[%emt 0:00:28]} g5 {[%emt 0:02:46]} 19. g3 {[%emt 0:10:31]} g4 {[%emt 0:03:14]} 20. Bd1 {[%emt 0:08:02]} h5 {[%emt 0:18:17]} 21. Bc2 {[%emt 0:05:38]} h4 {[%emt 0:00:08]} 22. Kg2 {[%emt 0:09:11]} Rh5 {[%emt 0:07:23]} 23. gxh4 {[%emt 0:06:04]} Rxh4 {[%emt 0:04:17]} 24. Bg5 {[%emt 0:01:20]} Rh5 {[%emt 0:03:19]} 25. Bxf6+ {[%emt 0:01:45]} Kxf6 {[%emt 0:00:03]} 26. Rad1 {[%emt 0:00:31]} Rdh8 {[%emt 0:00:04]} 27. Rh1 {[%emt 0:00:27]} Rh3 {[%emt 0:04:56]} 28. Rd3 {[%emt 0:03:34]} Kg5 {[%emt 0:01:55]} 29. Rg3 {[%emt 0:08:03]} Kf4 {[%emt 0:00:56]} 30. Bb3 {[%emt 0:02:20]} f6 {[%emt 0:03:10]} 31. Be6 {[%emt 0:02:00]} R3h4 {[%emt 0:00:47]} 32. f3 {[%emt 0:02:55]} Rd8 {[%emt 0:00:50]} 33. Rxg4+ {[%emt 0:03:39]} Rxg4+ {[%emt 0:00:06]} 34. fxg4 {[%emt 0:00:14]} Rd2+ {[%emt 0:00:47]} 35. Kh3 {[%emt 0:00:43]} Bf2 {[%emt 0:02:41]} 36. b4 {[%emt 0:02:28]} Kxe4 {[%emt 0:04:15]} 37. g5 {[%emt 0:03:06]} fxg5 {[%emt 0:03:32]} 38. Kg4 {[%emt 0:00:04]} Be3 {[%emt 0:01:20]} 39. Bc8 {[%emt 0:03:12]} Rg2+ {[%emt 0:00:30]} 40. Kh3 {[%emt 0:00:00]} Rxa2 {[%emt 0:00:00]} 41. Bxb7+ {[%emt 0:01:32]} Kd3 {[%emt 0:01:03]} 42. Bd5 {[%emt 0:00:47]} Rb2 {[%emt 0:01:08]} 43. Ra1 {[%emt 0:01:52]} Bf4 {[%emt 0:02:07]} 44. Rxa6 {[%emt 0:02:01]} e4 {[%emt 0:00:11]} 45. Kg4 {[%emt 0:04:39]} Rxh2 {[%emt 0:01:56]} 46. Re6 {[%emt 0:03:21]} e3 {[%emt 0:01:53]} 47. c4 {[%emt 0:00:09]} e2 {[%emt 0:00:42]} 48. Bf3 {[%emt 0:00:22]} Kd2 {[%emt 0:00:13]} 0-1

[Event "23rd Alekhine Master 2019"]
[Site "Voronezh"]
[Date "2019.06.13"]
[Round "2.11"]
[White "Apryshko, Gleb"]
[Black "Shariyazdanov, Andrey"]
[Result "0-1"]
[WhiteElo "2376"]
[BlackElo "2526"]
[Annotator "ChessBase"]
[PlyCount "98"]
[EventDate "2019.06.12"]
[EventType "swiss"]
[EventCountry "RUS"]
[SourceTitle "playchess.com"]
[Source "ChessBase"]
[SourceQuality "1"]
[TimeControl "40/5400+30:1800+30"]

1. Nf3 {[%emt 0:00:00]} d5 {[%emt 0:00:50]} 2. g3 {[%emt 0:00:20]} g6 {[%emt 0:00:58]} 3. Bg2 {[%emt 0:00:16]} Bg7 {[%emt 0:00:04]} 4. O-O {[%emt 0:01:43]} e5 {[%emt 0:00:11]} 5. c4 {[%emt 0:02:09]} c6 {[%emt 0:03:05]} 6. Qa4 {[%emt 0:03:16]} Ne7 {[%emt 0:06:21]} 7. cxd5 {[%emt 0:00:30]} Nxd5 {[%emt 0:00:46]} 8. Nc3 {[%emt 0:08:49]} O-O {[%emt 0:01:24]} 9. Rd1 {[%emt 0:02:57]} Re8 {[%emt 0:05:26]} 10. d3 {[%emt 0:02:46]} Na6 {[%emt 0:03:16]} 11. Bd2 {[%emt 0:06:01]} h6 {[%emt 0:03:24]} 12. Rac1 {[%emt 0:01:41]} Be6 {[%emt 0:00:46]} 13. Nxd5 {[%emt 0:08:46]} cxd5 {[%emt 0:02:47]} 14. d4 {[%emt 0:09:07]} e4 {[%emt 0:04:15]} 15. Ne5 {[%emt 0:00:09]} Kh7 {[%emt 0:02:26]} 16. b3 {[%emt 0:11:47]} Qd6 {[%emt 0:14:35]} 17. Qb5 {[%emt 0:08:51]} Qb6 {[%emt 0:01:52]} 18. Qxb6 {[%emt 0:02:35]} axb6 {[%emt 0:00:31]} 19. f3 {[%emt 0:00:01]} f6 {[%emt 0:04:34]} 20. Ng4 {[%emt 0:00:14]} h5 {[%emt 0:00:44]} 21. Nf2 {[%emt 0:00:25]} f5 {[%emt 0:01:52]} 22. e3 {[%emt 0:00:57]} Bf8 {[%emt 0:01:49]} 23. Nh3 {[%emt 0:08:26]} Kg7 {[%emt 0:01:25]} 24. fxe4 fxe4 {[%emt 0:00:36]} 25. Ng5 {[%emt 0:04:21]} Bf5 {[%emt 0:02:01]} 26. Bh3 {[%emt 0:00:08]} Ba3 {[%emt 0:01:30]} 27. Rc3 {[%emt 0:00:44]} Bxh3 {[%emt 0:03:34]} 28. Nxh3 {[%emt 0:00:11]} Bd6 {[%emt 0:01:31]} 29. Rf1 {[%emt 0:01:37]} Nb4 {[%emt 0:02:42]} 30. a4 {[%emt 0:00:38]} Nd3 {[%emt 0:06:03]} 31. Ng5 {[%emt 0:01:10]} Re7 {[%emt 0:00:06]} 32. Rc2 {[%emt 0:00:50]} h4 {[%emt 0:14:32]} 33. gxh4 {[%emt 0:00:06]} Rh8 {[%emt 0:00:15]} 34. Be1 {[%emt 0:00:01]} Nxe1 {[%emt 0:00:25]} 35. Rxe1 {[%emt 0:00:01]} Rxh4 {[%emt 0:00:08]} 36. Kh1 {[%emt 0:03:00]} Rg4 {[%emt 0:04:43]} 37. Rg1 {[%emt 0:00:30]} Rxg1+ {[%emt 0:00:08]} 38. Kxg1 {[%emt 0:00:07]} Kh6 {[%emt 0:00:27]} 39. Nh3 {[%emt 0:00:54]} Rf7 {[%emt 0:00:42]} 40. Rc8 {[%emt 0:00:00]} Rf3 {[%emt 0:00:00]} 41. Nf2 {[%emt 0:01:45]} Bxh2+ {[%emt 0:06:00]} 42. Kg2 {[%emt 0:00:01]} Bg3 {[%emt 0:00:14]} 43. Nd1 {[%emt 0:03:03]} Bh4 {[%emt 0:01:40]} 44. Rh8+ {[%emt 0:03:36]} Kg5 {[%emt 0:00:15]} 45. Rd8 {[%emt 0:00:01]} Kg4 {[%emt 0:01:45]} 46. Rxd5 {[%emt 0:00:01]} Rg3+ {[%emt 0:01:05]} 47. Kf2 {[%emt 0:00:08]} Kh3 {[%emt 0:02:48]} 48. Re5 {[%emt 0:00:10]} Rg2+ {[%emt 0:01:01]} 49. Kf1 {[%emt 0:00:29]} Rd2 {[%emt 0:00:22]} 0-1

[Event "23rd Alekhine Master 2019"]
[Site "Voronezh"]
[Date "2019.06.13"]
[Round "2.12"]
[White "Moiseenko, Vadim"]
[Black "Smirnov, Timofey"]
[Result "1-0"]
[WhiteElo "2525"]
[BlackElo "2335"]
[Annotator "ChessBase"]
[PlyCount "67"]
[EventDate "2019.06.12"]
[EventType "swiss"]
[EventCountry "RUS"]
[SourceTitle "playchess.com"]
[Source "ChessBase"]
[SourceQuality "1"]
[TimeControl "40/5400+30:1800+30"]

1. e4 {[%emt 0:00:52]} c5 {[%emt 0:06:01]} 2. Nf3 {[%emt 0:00:31]} d6 {[%emt 0:00:06]} 3. d4 {[%emt 0:00:04]} Nf6 {[%emt 0:00:50]} 4. Nc3 {[%emt 0:05:46]} cxd4 {[%emt 0:00:06]} 5. Nxd4 {[%emt 0:00:08]} a6 {[%emt 0:00:10]} 6. Be3 {[%emt 0:00:22]} e5 {[%emt 0:00:27]} 7. Nf3 {[%emt 0:00:05]} h6 {[%emt 0:02:03]} 8. Bc4 {[%emt 0:00:50]} Nbd7 {[%emt 0:02:55]} 9. O-O {[%emt 0:01:37]} Qc7 {[%emt 0:06:33]} 10. Qe2 {[%emt 0:02:51]} b5 {[%emt 0:00:56]} 11. Nd5 {[%emt 0:11:12]} Nxd5 {[%emt 0:02:35]} 12. Bxd5 {[%emt 0:00:52]} Bb7 {[%emt 0:02:00]} 13. c4 {[%emt 0:00:33]} bxc4 {[%emt 0:10:39]} 14. Nd2 {[%emt 0:12:04]} Nf6 {[%emt 0:10:59]} 15. Nxc4 {[%emt 0:06:57]} Bxd5 {[%emt 0:03:22]} 16. exd5 {[%emt 0:00:17]} Be7 {[%emt 0:01:34]} 17. Nb6 {[%emt 0:03:16]} Rb8 {[%emt 0:00:06]} 18. Qxa6 {[%emt 0:00:13]} O-O {[%emt 0:03:00]} 19. Rac1 {[%emt 0:06:43]} Qd8 {[%emt 0:00:13]} 20. Rc6 {[%emt 0:09:57]} Ng4 {[%emt 0:00:34]} 21. Bc1 {[%emt 0:00:05]} e4 {[%emt 0:00:24]} 22. Bf4 {[%emt 0:00:11]} g5 {[%emt 0:01:20]} 23. Be3 {[%emt 0:03:01]} f5 {[%emt 0:06:08]} 24. Bd4 {[%emt 0:01:40]} f4 {[%emt 0:01:40]} 25. Qe2 {[%emt 0:01:41]} Bf6 {[%emt 0:01:40]} 26. Qxg4 {[%emt 0:01:41]} Bxd4 {[%emt 0:00:07]} 27. Nd7 {[%emt 0:00:07]} Re8 {[%emt 0:01:31]} 28. Nxb8 {[%emt 0:02:25]} Qxb8 {[%emt 0:00:02]} 29. Qd7 {[%emt 0:00:21]} e3 {[%emt 0:00:57]} 30. fxe3 {[%emt 0:01:11]} fxe3 {[%emt 0:00:27]} 31. Kh1 {[%emt 0:01:36]} e2 {[%emt 0:00:14]} 32. Re1 {[%emt 0:00:03]} Bf2 {[%emt 0:00:49]} 33. Rxd6 {[%emt 0:01:00]} Qxd6 {[%emt 0:00:19]} 34. Qxe8+ {[%emt 0:00:04]} 1-0